=LDR 00000nam 2200000 4500 =001 INLIS000000000006395 =005 20220610023924 =035 ##$$a 0010-0622000256 =245 1#$$a Smart Systems Form Core of SMT /$c TETSUO HIRAYAMA =100 1#$$a HIRAYAMA, Tetsuo =250 ##$$a Edisi Vol. 20, Serial No. 227 August 2015 =300 ##$$a 74 halaman : $b Tabel, Gambar ; $c 21x28 cm =260 ##$:$b Dempa Asia Electronics Industry,$c 2015 =082 ##$$a 050.37 =084 ##$$a 050.37 HIR s =500 ##$$a Special Report : In-Cell Capacitive Touch Panel Renews Car Display Phone Screens Look Beyond TFT-LCD =990 ##$$a 14/MJ-16